| 000 | 00906nam a22003017a 4500 | ||
|---|---|---|---|
| 001 | 0355385 | ||
| 003 | DO-SdBNP | ||
| 005 | 20180125101517.0 | ||
| 007 | 0355385 | ||
| 008 | 931110s1993 sp | |||| ||spa | ||
| 016 | 7 |
_a _2BPMSU |
|
| 017 |
_a _b |
||
| 020 | _a8481300241 | ||
| 035 | _a | ||
| 040 |
_aBPMSU _bspa _cBPMSU |
||
| 041 | 1 | _aspa | |
| 100 | 1 |
_aSillitoe, Alan _d1928-2010 |
|
| 240 | 1 | 0 |
_aOut of the whirlpool. _lEspañol |
| 245 | 1 | 0 |
_aFuera del torbellino _h _cAllan Sillitoe ; traducción, Vicente Villacampa |
| 260 |
_aBarcelona : _bPrimera Plana _c1993 |
||
| 300 |
_a95 p.: _c21 cm. |
||
| 490 | 1 |
_aBiblioteca de literatura universal _aGrandes autores de la narrativa actural |
|
| 700 | 1 | _aVillacampa, Vicente | |
| 830 | 0 |
_aGrandes autores _pBlioteca de literatura universal |
|
| 942 |
_2ddc _cBK |
||
| 945 | _ainventariado, 2018 | ||
| 956 |
_aVMATEO _210 _3201511 _6BPMSU _800151 |
||
| 999 |
_c9011 _d9011 |
||